000 01478nam0a22002531 4500
001 rc\4942080
005 20250612211603.0
035 _a(NLR Aleph) 008852924
090 _a8412059
_c8412059
100 _a20130426d1965 |||y0rusy50 ca
101 0 _arus
102 _aRU
105 _aa z |||||
200 1 _aУсловия рационального применения оболочек для фундаментов и опор мостов
_e(Рекомендации по наиболее эффективному применению оболочек в фундаментах и опорах мостов)
_fСост. Гипротрансмостом совместно с Ленгипротрансмостом, Союздорпроектом и ЦНИИСом согласно приказу № 40 Гострансстроя от 10 февр. 1965 г.
_gГос. Производ. ком. по трансп. строительству СССР. Главтранспроект. Гипротрансмост
210 _aМосква
_cБ. и.
_d1965
215 _a37 с.
_cчерт.
_d29
225 1 _aМетодические указания по проектированию искусственных сооружений
_vВып. 13
300 _aОтпеч. множит. аппаратом
333 _aОгранич. пользования
801 0 _aRU
_bNLR
_gpsbo
801 1 _aRU
_bELAR
_2rusmarc
852 _aNLR
_jП11/2241
942 _cBOOK
980 _aNB